L'amore fatale
Gespeichert in:
| 1. Verfasser: | |
|---|---|
| Format: | Buch |
| Sprache: | Nichtbestimmte Sprache |
| Veröffentlicht: |
Torino
Einaudi
1997
|
| Tags: |
Keine Tags, Fügen Sie das erste Tag hinzu!
|
MARC
| LEADER | 00000nam a2200000Ia 4500 | ||
|---|---|---|---|
| 001 | 161 | ||
| 003 | NUMERAZIONE-ORIGINALE-BRESCIA | ||
| 005 | 20260206230749.0 | ||
| 008 | 260206s9999 xx 000 0 und d | ||
| 100 | |a McEwan Ian | ||
| 245 | 0 | |a L'amore fatale | |
| 260 | |a Torino | ||
| 260 | |b Einaudi | ||
| 260 | |c 1997 | ||
| 942 | |2 ddc |c BK |n 0 | ||
| 952 | |0 0 |1 0 |2 ddc |4 0 |6 31 |7 0 |9 28357 |a BS |b BS |d 2026-02-06 |i 161 |l 0 |o 3-1-* |r 2026-02-06 22:40:33 |w 2026-02-06 |x [REVISIONARE] |y BK | ||
| 999 | |c 24042 |d 24042 | ||